Catálogo
 En Linea

No son cuentos : (Registro nro. 47237)

Detalles MARC
000 -CABECERA
campo de control de longitud fija 00607nam a2200169 a 4500
001 - NÚMERO DE CONTROL
campo de control 000047749
005 - FECHA Y HORA DE LA ÚLTIMA TRANSACCIÓN
campo de control 20201002060720.0
008 - DATOS DE LONGITUD FIJA--INFORMACIÓN GENERAL
campo de control de longitud fija 180731s2016 dr a r 000 0 spa d
040 ## - FUENTE DE LA CATALOGACIÓN
Centro catalogador/agencia de origen DO-SdBNP
Lengua de catalogación spa
Centro/agencia transcriptor BNPHU
082 ## - NÚMERO DE LA CLASIFICACIÓN DECIMAL DEWEY
Número de clasificación xxxx
Número de documento/Ítem C355n
100 1# - ENTRADA PRINCIPAL--NOMBRE DE PERSONA
Nombre de persona Castro, Radhámes
9 (RLIN) 75351
245 10 - MENCIÓN DE TÍTULO
Título No son cuentos :
Resto del título anécdotas y aprendizaje de un sindicalista que llega a ser diputado /
Mención de responsabilidad, etc. Radhámes Castro ; prólogo Juan Freddy Armando.
260 ## - PUBLICACIÓN, DISTRIBUCIÓN, ETC.
Lugar de publicación, distribución, etc. Santo Domingo :
Nombre del editor, distribuidor, etc. Amigo del hogar,
Fecha de publicación, distribución, etc. 2016.
300 ## - DESCRIPCIÓN FÍSICA
Extensión 271 p. :
Otras características físicas spa
Extensión 23 cm.
590 ## - NOTA LOCAL (RLIN)
Nota local Inventariado, 2020/BT
700 1# - PUNTO DE ACCESO ADICIONAL--NOMBRE DE PERSONA
Nombre de persona Armando, Juan Freddy,
Término indicativo de función/relación prólo.
9 (RLIN) 24389
Existencias
Estado de retiro Estado de pérdida No para préstamo Código de colección Localización permanente Ubicación/localización actual Ubicación en estantería Fecha de adquisición Número de inventario Total de préstamos Signatura topográfica completa Código de barras Fecha visto por última vez Precio válido a partir de Tipo de ítem Koha
    Excluido de préstamo Patrimonio Dominicano Patrimonio Dominicano Patrimonio Dominicano Depósito 31.07.2018 LF1   xxxx C355n 47749-10 25.06.2020 25.06.2020 Libro y Folleto Colección Patrimonio Dominicano
    Excluido de préstamo Patrimonio Dominicano Patrimonio Dominicano Patrimonio Dominicano Depósito 31.07.2018 LF1   xxxx C355n 47750-10 25.06.2020 25.06.2020 Libro y Folleto Colección Patrimonio Dominicano
      Patrimonio Dominicano Patrimonio Dominicano Patrimonio Dominicano Orden iniciada 31.07.2018 LF1   xxxx C355n 47750-20 25.06.2020 25.06.2020 Libro y Folleto Colección Patrimonio Dominicano

Con tecnología Koha